| 000 | 00607nam a2200217 a 4500 | ||
|---|---|---|---|
| 001 | 0001-2041 | ||
| 003 | ELIB.Books | ||
| 008 | 190705 2010 eng | ||
| 020 | _aKBTS | ||
| 092 |
_a251.08 _bLar |
||
| 100 | _aLarson, Craig Brian. | ||
| 245 |
_a750 Engaging Illustrations _b For Preachers, Teachers & Writers |
||
| 260 |
_aGrand Rapids, Michigan _bBaker Book _c2007 |
||
| 300 |
_a666 _c20.5 Cm |
||
| 650 | _aHomiletical Illustrations | ||
| 856 |
_nKBTS Library _uKBTS Elib |
||
| 942 |
_2ddc _cBK |
||
| 990 | _a3 | ||
| 998 |
_aEnglishbooks.elf _ccat _e2019-07-05 |
||
| 999 |
_c12041 _d12041 |
||